<?xml version="1.0" encoding="UTF-8"?>
<record
    xmlns:xsi="http://www.w3.org/2001/XMLSchema-instance"
    xsi:schemaLocation="http://www.loc.gov/MARC21/slim http://www.loc.gov/standards/marcxml/schema/MARC21slim.xsd"
    xmlns="http://www.loc.gov/MARC21/slim">

  <leader>01309cam a2200385 a 4500</leader>
  <datafield tag="999" ind1=" " ind2=" ">
    <subfield code="c">23431</subfield>
    <subfield code="d">23431</subfield>
  </datafield>
  <controlfield tag="001">vtls011562579</controlfield>
  <controlfield tag="005">20221011072456.0</controlfield>
  <controlfield tag="008">180601s2016    xo     g      000 f slo  </controlfield>
  <datafield tag="020" ind1=" " ind2=" ">
    <subfield code="a">9788055147680</subfield>
    <subfield code="q">(viaz.)</subfield>
  </datafield>
  <datafield tag="035" ind1=" " ind2=" ">
    <subfield code="a">8588794A-B262-40E6-A081-7D5C28AA2596</subfield>
  </datafield>
  <datafield tag="035" ind1=" " ind2=" ">
    <subfield code="a">urn:nbn:sk:snk-am3h6j6</subfield>
  </datafield>
  <datafield tag="035" ind1=" " ind2=" ">
    <subfield code="a">urn:nbn:sk:snk-am00co25</subfield>
  </datafield>
  <datafield tag="040" ind1=" " ind2=" ">
    <subfield code="a">PPPK</subfield>
    <subfield code="b">slo</subfield>
    <subfield code="c">PPPK</subfield>
    <subfield code="d">SNK</subfield>
    <subfield code="e">AACR2</subfield>
  </datafield>
  <datafield tag="041" ind1="1" ind2=" ">
    <subfield code="a">slo</subfield>
    <subfield code="h">swe</subfield>
  </datafield>
  <datafield tag="044" ind1=" " ind2=" ">
    <subfield code="a">xo</subfield>
    <subfield code="c">SK</subfield>
  </datafield>
  <datafield tag="072" ind1=" " ind2="7">
    <subfield code="a">821.11</subfield>
    <subfield code="x">Germ&#xE1;nske literat&#xFA;ry</subfield>
    <subfield code="2">konspekt</subfield>
  </datafield>
  <datafield tag="080" ind1=" " ind2=" ">
    <subfield code="a">821.113.6-31</subfield>
    <subfield code="2">2011</subfield>
  </datafield>
  <datafield tag="080" ind1=" " ind2=" ">
    <subfield code="a">(0:82-312.4)</subfield>
    <subfield code="2">2011</subfield>
  </datafield>
  <datafield tag="100" ind1="1" ind2=" ">
    <subfield code="a">Kepler, Lars</subfield>
    <subfield code="9">3646</subfield>
  </datafield>
  <datafield tag="240" ind1="1" ind2="0">
    <subfield code="a">Playground</subfield>
    <subfield code="l">Slovensky</subfield>
  </datafield>
  <datafield tag="245" ind1="1" ind2="0">
    <subfield code="a">Ihrisko</subfield>
    <subfield code="c">Lars Kepler ; prelo&#x17E;ila M&#xE1;ria Bratov&#xE1;</subfield>
  </datafield>
  <datafield tag="260" ind1=" " ind2=" ">
    <subfield code="a">Bratislava</subfield>
    <subfield code="b">Ikar</subfield>
    <subfield code="c">2016</subfield>
  </datafield>
  <datafield tag="300" ind1=" " ind2=" ">
    <subfield code="a">398 s.</subfield>
    <subfield code="c">24 cm</subfield>
  </datafield>
  <datafield tag="490" ind1="1" ind2=" ">
    <subfield code="a">Seversk&#xE9; krimi</subfield>
  </datafield>
  <datafield tag="500" ind1=" " ind2=" ">
    <subfield code="a">Na ob&#xE1;lke: Od autorov bestsellerov Hypnotiz&#xE9;r, Zmluva pod&#x13E;a Paganiniho, Svedky&#x148;a oh&#x148;a, Usp&#xE1;va&#x10D;, Stalker</subfield>
  </datafield>
  <datafield tag="500" ind1=" " ind2=" ">
    <subfield code="a">Prelo&#x17E;en&#xE9; zo &#x161;v&#xE9;d&#x10D;iny</subfield>
  </datafield>
  <datafield tag="655" ind1=" " ind2="7">
    <subfield code="a">&#x161;v&#xE9;dske rom&#xE1;ny</subfield>
    <subfield code="2">SNKPH</subfield>
    <subfield code="9">1715</subfield>
  </datafield>
  <datafield tag="655" ind1=" " ind2="7">
    <subfield code="a">trilery (rom&#xE1;ny)</subfield>
    <subfield code="2">SNKPH</subfield>
    <subfield code="9">2135</subfield>
  </datafield>
  <datafield tag="655" ind1=" " ind2="7">
    <subfield code="a">Swedish fiction</subfield>
    <subfield code="2">SNKPHeng</subfield>
    <subfield code="9">1716</subfield>
  </datafield>
  <datafield tag="655" ind1=" " ind2="7">
    <subfield code="a">Thrillers (novels)</subfield>
    <subfield code="2">SNKPHeng</subfield>
    <subfield code="9">1722</subfield>
  </datafield>
  <datafield tag="700" ind1="1" ind2=" ">
    <subfield code="a">Bratov&#xE1;, M&#xE1;ria,</subfield>
    <subfield code="d">1958-</subfield>
    <subfield code="4">trl</subfield>
    <subfield code="9">2014</subfield>
  </datafield>
  <datafield tag="958" ind1=" " ind2=" ">
    <subfield code="a">LX</subfield>
  </datafield>
  <datafield tag="958" ind1=" " ind2=" ">
    <subfield code="a">UP</subfield>
  </datafield>
  <datafield tag="952" ind1=" " ind2=" ">
    <subfield code="0">0</subfield>
    <subfield code="1">0</subfield>
    <subfield code="2">udc</subfield>
    <subfield code="4">0</subfield>
    <subfield code="7">0</subfield>
    <subfield code="8">K</subfield>
    <subfield code="a">10000</subfield>
    <subfield code="b">10000</subfield>
    <subfield code="d">2022-10-11</subfield>
    <subfield code="g">9.00</subfield>
    <subfield code="i">21765</subfield>
    <subfield code="l">8</subfield>
    <subfield code="o">B10572</subfield>
    <subfield code="p">B10572</subfield>
    <subfield code="r">2026-05-18</subfield>
    <subfield code="s">2026-04-27</subfield>
    <subfield code="w">2022-10-11</subfield>
    <subfield code="y">KLDO</subfield>
  </datafield>
</record>
